[Event "4. Continental de Ajedrez de Cali"]
[Site "Santiago de Cali COL"]
[Date "2007.07.10"]
[Round "1.3"]
[White "Vescovi, Giovanni P"]
[Black "Peña, Alfredo"]
[Result "1-0"]
[WhiteElo "2609"]
[BlackElo "2248"]
[PlyCount "71"]
[EventDate "2007.07.11"]
[EventType "swiss"]
[EventRounds "1"]
[EventCountry "COL"]
[Source "lmi"]
[SourceDate "2007.07.11"]

1. d4 Nf6 2. c4 g6 3. Nc3 Bg7 4. Nf3 O-O 5. Bf4 d6 6. e3 c5 7. Be2 Nbd7 8. O-O
Nh5 9. Bg5 h6 10. Bh4 g5 11. Bg3 Nxg3 12. hxg3 b6 13. Qc2 e6 14. d5 Nf6 15.
dxe6 Bxe6 16. Rad1 Qe7 17. Rd2 Rad8 18. Rfd1 Rd7 19. Nh2 Rdd8 20. b3 Bc8 21.
Bf3 a6 22. Rc1 Qe5 23. Qd1 Rfe8 24. Na4 Ne4 25. Bxe4 Qxe4 26. Nxb6 Bb7 27. Nd5
a5 28. g4 Be5 29. Nf1 Bc8 30. Qf3 Qxg4 31. Nf6+ Bxf6 32. Qxf6 Bb7 33. Ng3 h5
34. e4 Bxe4 35. Nxe4 Qxe4 36. Rd5 1-0

[Event "4. Continental de Ajedrez de Cali"]
[Site "Santiago de Cali COL"]
[Date "2007.07.10"]
[Round "1.4"]
[White "Ruiz, Pablo"]
[Black "Spraggett, Kevin"]
[Result "0-1"]
[WhiteElo "2247"]
[BlackElo "2585"]
[PlyCount "122"]
[EventDate "2007.07.11"]
[EventType "swiss"]
[EventRounds "1"]
[EventCountry "COL"]
[Source "lmi"]
[SourceDate "2007.07.11"]

1. e4 c5 2. Nf3 e6 3. d4 cxd4 4. Nxd4 Nf6 5. Bd3 Nc6 6. Nxc6 bxc6 7. O-O d5 8.
Nc3 Be7 9. Qf3 O-O 10. Bf4 Bb7 11. Qh3 g6 12. Rfe1 d4 13. Nb1 e5 14. Bh6 Bc8
15. Qf3 Re8 16. h3 Be6 17. Nd2 Rb8 18. Nc4 Nd7 19. Bd2 c5 20. b3 Bg5 21. Ba5
Qe7 22. Rad1 h5 23. Nb2 Nb6 24. Qe2 Kg7 25. Nc4 Bd7 26. Bd2 Bxd2 27. Qxd2 f6
28. c3 Be6 29. Na5 Bd7 30. Rc1 Qd6 31. cxd4 cxd4 32. Rc2 Rec8 33. Rec1 Rxc2 34.
Rxc2 h4 35. Kh2 Rc8 36. Rxc8 Nxc8 37. Nc4 Qc7 38. Qb4 Be6 39. Qa5 Qc6 40. Qd8
Qd7 41. Qxd7+ Bxd7 42. Kg1 Kf7 43. Kf1 Ke7 44. Ke1 Nd6 45. Nd2 g5 46. b4 Kd8
47. Kd1 Kc7 48. Kc2 Kb6 49. Nb3 Bc6 50. Nc5 Nb7 51. Ne6 Nd6 52. Nc5 a5 53. Kb3
Nb7 54. Nxb7 Bxb7 55. b5 Bc8 56. Bc4 Kc5 57. a4 f5 58. f3 fxe4 59. fxe4 g4 60.
hxg4 Bxg4 61. Kc2 Kxc4 0-1

[Event "4. Continental de Ajedrez de Cali"]
[Site "Santiago de Cali COL"]
[Date "2007.07.10"]
[Round "1.5"]
[White "Gulko, Boris"]
[Black "Ramirez, Carlos"]
[Result "1-0"]
[WhiteElo "2576"]
[BlackElo "2241"]
[PlyCount "65"]
[EventDate "2007.07.11"]
[EventType "swiss"]
[EventRounds "1"]
[EventCountry "COL"]
[Source "lmi"]
[SourceDate "2007.07.11"]

1. c4 e5 2. Nc3 Nf6 3. Nf3 d6 4. d4 Nbd7 5. Bg5 Be7 6. e3 O-O 7. Qc2 c6 8. Bd3
Re8 9. dxe5 dxe5 10. Bxf6 Nxf6 11. Nxe5 Qa5 12. Nf3 Bg4 13. Nd4 Rad8 14. h3 Bc8
15. O-O-O Bf8 16. g4 g6 17. Rhe1 Bg7 18. f4 Qc7 19. Kb1 Nd7 20. Ne4 b6 21. c5
bxc5 22. Nxc5 Nb6 23. Ncb3 Bd7 24. Be4 Na4 25. Bxc6 Bxc6 26. Qxc6 Qxc6 27. Nxc6
Rxd1+ 28. Rxd1 Nxb2 29. Rd7 Nc4 30. Rxa7 Bf8 31. Ra4 Na3+ 32. Kb2 Rxe3 33. Rxa3
1-0

[Event "4. Continental de Ajedrez de Cali"]
[Site "Santiago de Cali COL"]
[Date "2007.07.10"]
[Round "1.7"]
[White "Felgaer, Ruben"]
[Black "Mesias, Rabindranath"]
[Result "1/2-1/2"]
[WhiteElo "2559"]
[BlackElo "2237"]
[PlyCount "56"]
[EventDate "2007.07.11"]
[EventType "swiss"]
[EventRounds "1"]
[EventCountry "COL"]
[Source "lmi"]
[SourceDate "2007.07.11"]

1. e4 c5 2. Nf3 Nf6 3. e5 Nd5 4. d4 cxd4 5. Qxd4 e6 6. a3 Nc6 7. Qe4 d6 8. c4
Nb6 9. exd6 Bxd6 10. Nc3 f5 11. Qc2 O-O 12. Be3 Nd7 13. O-O-O Be7 14. Bd3 Qa5
15. Rhe1 Nde5 16. Nxe5 Nxe5 17. Bf1 a6 18. Na4 b5 19. Bb6 Bg5+ 20. Kb1 Qxa4 21.
Qxa4 bxa4 22. Rxe5 Bf4 23. Ree1 Bxh2 24. g3 Bb7 25. Rxe6 Rfe8 26. Rxe8+ Rxe8
27. c5 f4 28. Bc4+ Kh8 1/2-1/2

[Event "4. Continental de Ajedrez de Cali"]
[Site "Santiago de Cali COL"]
[Date "2007.07.10"]
[Round "1.8"]
[White "Gallego, Andres"]
[Black "Ivanov, Alexander"]
[Result "0-1"]
[WhiteElo "2235"]
[BlackElo "2547"]
[PlyCount "110"]
[EventDate "2007.07.11"]
[EventType "swiss"]
[EventRounds "1"]
[EventCountry "COL"]
[Source "lmi"]
[SourceDate "2007.07.11"]

1. e4 g6 2. d4 Bg7 3. Nc3 c6 4. f4 d5 5. e5 Nh6 6. Nf3 Bg4 7. h3 Bxf3 8. Qxf3
Nf5 9. Ne2 c5 10. dxc5 Nc6 11. g4 Nh4 12. Qf2 e6 13. Bd2 d4 14. O-O-O Qd5 15.
Qxh4 Qxh1 16. Nxd4 Qd5 17. Nb5 O-O 18. Nc3 Qxc5 19. Ne4 Qd5 20. Bd3 Qxa2 21.
Bc3 Rad8 22. Nf6+ Bxf6 23. exf6 Kh8 24. Qh6 Rg8 25. h4 Qa1+ 26. Kd2 Qa4 27. Ke2
e5 28. fxe5 Qxg4+ 29. Kd2 b5 30. b3 b4 31. Bb2 Nd4 32. Kc1 Rc8 33. Bc4 Ne2+ 34.
Bxe2 Qxe2 35. Rd2 Qe1+ 36. Rd1 Qe4 37. Qd2 a5 38. Qf2 a4 39. Rd4 Qh1+ 40. Rd1
Qe4 41. Rd4 Qb7 42. bxa4 b3 43. c4 Rgd8 44. Bc3 Rxd4 45. Qxd4 Qg2 46. Bd2 Qc6
47. a5 Qxc4+ 48. Qxc4 Rxc4+ 49. Kb1 Kg8 50. Be3 Ra4 51. Bb6 Rb4 52. Bc7 h6 53.
Bb6 g5 54. hxg5 hxg5 55. Kc1 g4 0-1

[Event "4. Continental de Ajedrez de Cali"]
[Site "Santiago de Cali COL"]
[Date "2007.07.10"]
[Round "1.10"]
[White "Vittorino, Carlo"]
[Black "Peralta, Fernando"]
[Result "1/2-1/2"]
[WhiteElo "2228"]
[BlackElo "2546"]
[PlyCount "72"]
[EventDate "2007.07.11"]
[EventType "swiss"]
[EventRounds "1"]
[EventCountry "COL"]
[Source "lmi"]
[SourceDate "2007.07.11"]

1. d4 d5 2. c4 c6 3. Nc3 dxc4 4. e3 b5 5. a4 b4 6. Ne4 Qd5 7. Nd2 c3 8. bxc3
bxc3 9. Nb1 Qa5 10. Qb3 Na6 11. Qxc3 Nb4 12. Bd2 e6 13. Nf3 Nf6 14. Bc4 Be7 15.
O-O O-O 16. Ne5 Qc7 17. Nd3 Nxd3 18. Bxd3 c5 19. Qa5 Qxa5 20. Bxa5 cxd4 21.
exd4 Rb8 22. Nd2 Bb4 23. Bxb4 Rxb4 24. Nf3 Bb7 25. Rfb1 Rxb1+ 26. Rxb1 Bxf3 27.
gxf3 Rd8 28. Rb7 e5 29. Rxa7 Rxd4 30. Bf1 Nd5 31. a5 Nf4 32. a6 Rd1 33. Rb7
Ne2+ 34. Kg2 Nf4+ 35. Kg1 Nh3+ 36. Kg2 Nf4+ 1/2-1/2

[Event "4. Continental de Ajedrez de Cali"]
[Site "Santiago de Cali COL"]
[Date "2007.07.10"]
[Round "1.11"]
[White "Kudrin, Sergey"]
[Black "Restuccia, Francisco"]
[Result "1-0"]
[WhiteElo "2543"]
[BlackElo "2222"]
[PlyCount "57"]
[EventDate "2007.07.11"]
[EventType "swiss"]
[EventRounds "1"]
[EventCountry "COL"]
[Source "lmi"]
[SourceDate "2007.07.11"]

1. e4 c5 2. Nf3 d6 3. d4 cxd4 4. Nxd4 Nf6 5. Nc3 a6 6. Bc4 e6 7. Bb3 Nbd7 8.
Bg5 Nc5 9. f4 Be7 10. Qf3 Qc7 11. O-O b5 12. Bxf6 gxf6 13. f5 Nxb3 14. Nxb3 h5
15. a3 Bd7 16. Kh1 O-O-O 17. Nd4 Qc5 18. Rfd1 h4 19. b4 Qb6 20. a4 bxa4 21.
Nxa4 Bxa4 22. Rxa4 d5 23. fxe6 fxe6 24. Qe2 Kb7 25. b5 axb5 26. Nxb5 Ra8 27.
Rxa8 Rxa8 28. exd5 Rd8 29. Rb1 1-0

[Event "4. Continental de Ajedrez de Cali"]
[Site "Santiago de Cali COL"]
[Date "2007.07.10"]
[Round "1.12"]
[White "Valle, Efrain"]
[Black "Fier, Alexander"]
[Result "0-1"]
[WhiteElo "2215"]
[BlackElo "2527"]
[PlyCount "114"]
[EventDate "2007.07.11"]
[EventType "swiss"]
[EventRounds "1"]
[EventCountry "COL"]
[Source "lmi"]
[SourceDate "2007.07.11"]

1. Nf3 Nf6 2. g3 e6 3. Bg2 d5 4. O-O Be7 5. d3 O-O 6. Nbd2 c5 7. e4 Nc6 8. Re1
Qc7 9. c3 b5 10. Qc2 b4 11. Nf1 bxc3 12. bxc3 c4 13. dxc4 dxe4 14. N3d2 Bb7 15.
Nxe4 Na5 16. Ne3 Nxe4 17. Bxe4 Bxe4 18. Qxe4 Bf6 19. Rb1 Rfc8 20. Rd1 Bxc3 21.
Bb2 Bxb2 22. Rxb2 Rd8 23. Rbd2 Rac8 24. Rxd8+ Rxd8 25. Rd4 Rc8 26. Qd3 h6 27.
Rd7 Qe5 28. h4 Nc6 29. Qd6 Qxd6 30. Rxd6 Ne5 31. Ra6 Rc7 32. Kf1 g5 33. hxg5
hxg5 34. Ra5 f6 35. f4 gxf4 36. gxf4 Nxc4 37. Nxc4 Rxc4 38. Rxa7 Rxf4+ 39. Ke2
Kf8 40. Ke3 Rb4 41. a3 Rh4 42. a4 f5 43. Kd3 Ke8 44. Kc3 f4 45. Kd3 f3 46. Ke3
Rf4 47. Kf2 e5 48. Ra5 e4 49. Re5+ Kd7 50. a5 Kd6 51. Re8 Kd5 52. a6 Rf7 53.
Rd8+ Ke5 54. Rd1 Kf4 55. Ra1 e3+ 56. Kg1 Rg7+ 57. Kh2 Rh7+ 0-1

[Event "4. Continental de Ajedrez de Cali"]
[Site "Santiago de Cali COL"]
[Date "2007.07.10"]
[Round "1.13"]
[White "Zambrana, Oswaldo"]
[Black "Salazar, Carlos"]
[Result "1-0"]
[WhiteElo "2511"]
[BlackElo "2215"]
[PlyCount "43"]
[EventDate "2007.07.11"]
[EventType "swiss"]
[EventRounds "1"]
[EventCountry "COL"]
[Source "lmi"]
[SourceDate "2007.07.11"]

1. e4 d5 2. exd5 Qxd5 3. Nc3 Qa5 4. d4 Nf6 5. Nf3 Bg4 6. h3 Bxf3 7. Qxf3 c6 8.
Bd2 Nbd7 9. Bc4 e6 10. Bb3 Qc7 11. g4 h6 12. O-O-O O-O-O 13. h4 Nb6 14. g5 Ne8
15. Ne4 Rxd4 16. Bf4 Rxd1+ 17. Rxd1 e5 18. Bg3 f6 19. Qf5+ Kb8 20. gxf6 gxf6
21. Nxf6 Bd6 22. Qe6 1-0

[Event "4. Continental de Ajedrez de Cali"]
[Site "Santiago de Cali COL"]
[Date "2007.07.10"]
[Round "1.15"]
[White "Matsuura, Everaldo"]
[Black "Juarez Flores, Gustavo E"]
[Result "1-0"]
[WhiteElo "2505"]
[BlackElo "2204"]
[PlyCount "41"]
[EventDate "2007.07.11"]
[EventType "swiss"]
[EventRounds "1"]
[EventCountry "COL"]
[Source "lmi"]
[SourceDate "2007.07.11"]

1. e4 c5 2. Nf3 Nc6 3. d4 cxd4 4. Nxd4 Nf6 5. Nc3 e5 6. Ndb5 d6 7. Bg5 a6 8.
Na3 b5 9. Nd5 Be7 10. Bxf6 Bxf6 11. c3 Bg5 12. Nc2 Rb8 13. a4 bxa4 14. Ncb4
Nxb4 15. Nxb4 Rb6 16. Qxa4+ Bd7 17. Qa5 Bb5 18. Bxb5+ axb5 19. h4 Bf6 20. Nd5
Rb7 21. Nxf6+ 1-0

[Event "4. Continental de Ajedrez de Cali"]
[Site "Santiago de Cali COL"]
[Date "2007.07.10"]
[Round "1.16"]
[White "Mateus, Alejandro"]
[Black "Zapata, Alonso"]
[Result "0-1"]
[WhiteElo "2194"]
[BlackElo "2504"]
[PlyCount "58"]
[EventDate "2007.07.11"]
[EventType "swiss"]
[EventRounds "1"]
[EventCountry "COL"]
[Source "lmi"]
[SourceDate "2007.07.11"]

1. e4 c5 2. Nf3 e6 3. d4 cxd4 4. Nxd4 Nc6 5. Nxc6 bxc6 6. Bd3 d5 7. O-O Nf6 8.
Nd2 Be7 9. Qe2 O-O 10. b3 a5 11. Bb2 a4 12. f4 Qa5 13. Kh1 Ba6 14. e5 Bxd3 15.
cxd3 Nd7 16. f5 exf5 17. Nf3 a3 18. Bd4 c5 19. Bg1 Qa6 20. Rae1 Rfe8 21. Qc2 g6
22. d4 Rac8 23. Qd2 c4 24. bxc4 Rxc4 25. Be3 Rec8 26. Qf2 Rc2 27. Qg3 Rxa2 28.
Bg5 Bf8 29. Nh4 Re2 0-1

[Event "4. Continental de Ajedrez de Cali"]
[Site "Santiago de Cali COL"]
[Date "2007.07.10"]
[Round "1.18"]
[White "Saladen, Rafael"]
[Black "Leon Hoyos, Manuel"]
[Result "0-1"]
[WhiteElo "2190"]
[BlackElo "2484"]
[PlyCount "70"]
[EventDate "2007.07.11"]
[EventType "swiss"]
[EventRounds "1"]
[EventCountry "COL"]
[Source "lmi"]
[SourceDate "2007.07.11"]

1. e4 c5 2. Nf3 g6 3. d4 Bg7 4. dxc5 Qa5+ 5. c3 Qxc5 6. Be3 Qc7 7. Nbd2 Nf6 8.
Bc4 d6 9. h3 O-O 10. O-O b6 11. Bf4 Nxe4 12. Bd5 Nxd2 13. Qxd2 Bb7 14. Bh6 Bxd5
15. Bxg7 Kxg7 16. Qxd5 Nc6 17. Rad1 Rad8 18. Rfe1 e6 19. Qd2 d5 20. Nd4 Rfe8
21. h4 h5 22. g4 hxg4 23. h5 e5 24. Nf5+ gxf5 25. Qg5+ Kf8 26. h6 f6 27. Qxf6+
Qf7 28. Qxc6 Re6 29. h7 Kg7 30. Qb5 a6 31. Qb3 Qh5 32. Re3 Rh6 33. Kf1 f4 34.
Red3 e4 35. Rd4 g3 0-1

[Event "4. Continental de Ajedrez de Cali"]
[Site "Santiago de Cali COL"]
[Date "2007.07.10"]
[Round "1.19"]
[White "Escobar Forero, Alder"]
[Black "Remicio, Duque John"]
[Result "1-0"]
[WhiteElo "2477"]
[BlackElo "2189"]
[PlyCount "77"]
[EventDate "2007.07.11"]
[EventType "swiss"]
[EventRounds "1"]
[EventCountry "COL"]
[Source "lmi"]
[SourceDate "2007.07.11"]

1. e4 c5 2. Nf3 Nc6 3. d4 cxd4 4. Nxd4 Nf6 5. Nc3 d6 6. Nb3 g6 7. Bd3 Bg7 8.
O-O O-O 9. f4 e5 10. Qe1 Be6 11. f5 Bxb3 12. axb3 Nb4 13. Qe2 a6 14. fxg6 fxg6
15. Bc4+ Kh8 16. Bg5 Qc7 17. Rf3 b5 18. Be6 Rae8 19. Bh3 Nh5 20. Rxf8+ Rxf8 21.
g3 Bf6 22. Be3 Bg7 23. Rd1 Nf6 24. Rd2 Qc6 25. Bg2 h5 26. h3 Kh7 27. g4 hxg4
28. hxg4 Qd7 29. Bf3 Kg8 30. g5 Nh7 31. Qg2 Qe7 32. Bg4 Rf7 33. Nd5 Nxd5 34.
exd5 Nxg5 35. Bxg5 Qxg5 36. Be6 Qe3+ 37. Rf2 Qc1+ 38. Kh2 Qh6+ 39. Qh3 1-0

[Event "4. Continental de Ajedrez de Cali"]
[Site "Santiago de Cali COL"]
[Date "2007.07.10"]
[Round "1.20"]
[White "Souza Neves, Andrey M"]
[Black "Lima, Darcy"]
[Result "0-1"]
[WhiteElo "2156"]
[BlackElo "2463"]
[PlyCount "46"]
[EventDate "2007.07.11"]
[EventType "swiss"]
[EventRounds "1"]
[EventCountry "COL"]
[Source "lmi"]
[SourceDate "2007.07.11"]

1. d4 Nf6 2. Nf3 g6 3. e3 Bg7 4. Bd3 O-O 5. O-O d6 6. b3 Nc6 7. Bb2 e5 8. dxe5
Nd7 9. c4 dxe5 10. Be4 f5 11. Bxc6 bxc6 12. Qc2 c5 13. Rd1 Qe8 14. Nc3 e4 15.
Ne1 Ne5 16. Na4 g5 17. Rd5 f4 18. Rxc5 fxe3 19. f3 exf3 20. gxf3 g4 21. f4 Rxf4
22. Qg2 c6 23. Rd1 e2 0-1

[Event "4. Continental de Ajedrez de Cali"]
[Site "Santiago de Cali COL"]
[Date "2007.07.10"]
[Round "1.21"]
[White "Lafuente, Pablo"]
[Black "Juarez Flores, Roberto Alfonso"]
[Result "1-0"]
[WhiteElo "2454"]
[BlackElo "2177"]
[PlyCount "79"]
[EventDate "2007.07.11"]
[EventType "swiss"]
[EventRounds "1"]
[EventCountry "COL"]
[Source "lmi"]
[SourceDate "2007.07.11"]

1. d4 Nf6 2. c4 g6 3. Nf3 Bg7 4. g3 O-O 5. Bg2 c5 6. d5 d6 7. Nc3 e6 8. O-O
exd5 9. cxd5 Na6 10. Nd2 Nc7 11. Nc4 b6 12. Nxd6 Qxd6 13. Bf4 Qd7 14. d6 Ne6
15. Bxa8 Nxf4 16. gxf4 Qg4+ 17. Bg2 Bb7 18. e4 Qxf4 19. Qd3 Ba6 20. Qg3 Qd2 21.
Rfd1 Qxb2 22. Rab1 Nh5 23. Rxb2 Nxg3 24. hxg3 Bxc3 25. Rc2 Bd4 26. Bf1 Bb7 27.
Rxd4 cxd4 28. Bd3 Bc8 29. Rc7 Be6 30. Rxa7 Rd8 31. e5 Rc8 32. Ra4 f6 33. f4
fxe5 34. fxe5 Kf8 35. Kf2 Rc5 36. Ra8+ Kf7 37. Ra7+ Kf8 38. d7 Bxd7 39. Rxd7
Rxe5 40. Rxd4 1-0

[Event "4. Continental de Ajedrez de Cali"]
[Site "Santiago de Cali COL"]
[Date "2007.07.10"]
[Round "1.22"]
[White "Garcia, Alvaro"]
[Black "Sequera, Jose"]
[Result "1/2-1/2"]
[WhiteElo "2156"]
[BlackElo "2432"]
[PlyCount "95"]
[EventDate "2007.07.11"]
[EventType "swiss"]
[EventRounds "1"]
[EventCountry "COL"]
[Source "lmi"]
[SourceDate "2007.07.11"]

1. d4 e6 2. c4 f5 3. g3 Nf6 4. Bg2 Be7 5. Nh3 O-O 6. O-O c6 7. b3 a5 8. Ba3
Bxa3 9. Nxa3 d6 10. Nf4 Qe7 11. Nc2 e5 12. Nd3 Na6 13. Qd2 Nc7 14. dxe5 dxe5
15. Qc3 Re8 16. Rfd1 Bd7 17. Ne3 e4 18. Nb2 Bc8 19. Na4 Ra6 20. Qd4 b5 21. Nc5
Ne6 22. Nxe6 Qxe6 23. Qc5 Qe5 24. Qxe5 Rxe5 25. Rd8+ Re8 26. Rxe8+ Nxe8 27.
cxb5 cxb5 28. Rc1 Be6 29. Rc5 Nd6 30. f3 a4 31. fxe4 fxe4 32. Nd5 axb3 33. axb3
Ra2 34. Kf2 Bg4 35. h3 Bxe2 36. Nc3 Rc2 37. Bxe4 Bd3+ 38. Ke3 Bxe4 39. Nxe4
Rxc5 40. Nxc5 Kf7 41. Kf4 Kf6 42. b4 h5 43. h4 g6 44. Nd7+ Ke6 45. Ne5 Kf6 46.
Nd7+ Ke7 47. Nc5 Kf6 48. Ke3 1/2-1/2

[Event "4. Continental de Ajedrez de Cali"]
[Site "Santiago de Cali COL"]
[Date "2007.07.10"]
[Round "1.23"]
[White "Prasca, Raphael"]
[Black "Cardona, Fabio"]
[Result "1-0"]
[WhiteElo "2426"]
[BlackElo "2152"]
[PlyCount "71"]
[EventDate "2007.07.11"]
[EventType "swiss"]
[EventRounds "1"]
[EventCountry "COL"]
[Source "lmi"]
[SourceDate "2007.07.11"]

1. e4 c6 2. d4 d5 3. Nc3 dxe4 4. Nxe4 Nf6 5. Nxf6+ exf6 6. h3 Bd6 7. Nf3 O-O 8.
Be2 Re8 9. O-O Nd7 10. c4 b6 11. Qc2 Qc7 12. Bd3 g6 13. Bd2 c5 14. Rae1 Bb7 15.
d5 Ne5 16. Nxe5 fxe5 17. g4 f6 18. Bc3 Rf8 19. Bd2 Rfe8 20. Bh6 Qf7 21. Re3 Bf8
22. Bxf8 Qxf8 23. Qe2 Rad8 24. Re1 Qh6 25. Qf3 Kf7 26. Rxe5 Rxe5 27. Rxe5 Qc1+
28. Kg2 Qxb2 29. Re2 Qd4 30. Re4 Qc3 31. Qf4 Rd7 32. Re3 Kg7 33. Bxg6 Qb4 34.
Qf5 Qa4 35. Bxh7 Rd8 36. Re7+ 1-0

[Event "4. Continental de Ajedrez de Cali"]
[Site "Santiago de Cali COL"]
[Date "2007.07.10"]
[Round "1.25"]
[White "Barrientos, Sergio"]
[Black "Guerrero, Juan Carlos"]
[Result "1-0"]
[WhiteElo "2417"]
[BlackElo "2144"]
[PlyCount "72"]
[EventDate "2007.07.11"]
[EventType "swiss"]
[EventRounds "1"]
[EventCountry "COL"]
[Source "lmi"]
[SourceDate "2007.07.11"]

1. e4 c5 2. Nf3 d6 3. d4 cxd4 4. Nxd4 Nf6 5. Nc3 a6 6. Bg5 e6 7. f4 Be7 8. Qf3
Qc7 9. O-O-O Nbd7 10. Bd3 h6 11. Bh4 g5 12. fxg5 Ne5 13. Qe2 Nh7 14. Nf3 hxg5
15. Bf2 Bd7 16. Nxe5 dxe5 17. h4 O-O-O 18. h5 Bb4 19. Be1 Bc6 20. Rf1 Qe7 21.
Qf2 Rd7 22. Qg3 Rg8 23. Nd5 exd5 24. exd5 Bxd5 25. Bxb4 Qxb4 26. Bxh7 Rgd8 27.
Bf5 Be6 28. Bxe6 fxe6 29. Rxd7 Rxd7 30. Qxg5 e4 31. Qe3 Qb5 32. Rh1 Qf5 33. h6
Rh7 34. b3 Kd7 35. Qg3 Qf6 36. Rd1+ Kc6 1-0

[Event "4. Continental de Ajedrez de Cali"]
[Site "Santiago de Cali COL"]
[Date "2007.07.10"]
[Round "1.26"]
[White "Panesso, Henry"]
[Black "Mosquera, Miguel"]
[Result "0-1"]
[WhiteElo "2143"]
[BlackElo "2414"]
[PlyCount "94"]
[EventDate "2007.07.11"]
[EventType "swiss"]
[EventRounds "1"]
[EventCountry "COL"]
[Source "lmi"]
[SourceDate "2007.07.11"]

1. e4 Nf6 2. e5 Nd5 3. d4 d6 4. Nf3 Nb6 5. a4 a5 6. Nc3 g6 7. Bb5+ c6 8. Be2
Bg7 9. Bf4 O-O 10. h3 Be6 11. O-O Nd5 12. Nxd5 Bxd5 13. exd6 exd6 14. c4 Be4
15. Qb3 Na6 16. Ng5 Re8 17. Qxb7 Re7 18. Qb3 Bxd4 19. Qg3 Bf5 20. Rad1 Qb6 21.
Bf3 f6 22. Bxd6 Rd7 23. Ne4 Bxe4 24. Bxe4 Rad8 25. c5 Bxc5 26. Bxc5 Nxc5 27.
Rde1 Nxe4 28. Rxe4 Qxb2 29. Re6 c5 30. Qh4 Qd4 31. Re4 Qd6 32. Rfe1 Rf8 33. Re6
Qd4 34. R6e4 Qd2 35. f4 Rg7 36. Re8 Qd4+ 37. Kh1 c4 38. Qg4 Qd7 39. Rxf8+ Kxf8
40. Qf3 Re7 41. Rc1 Qxa4 42. Qa8+ Kg7 43. Qc8 c3 44. Qxc3 Qxf4 45. Qa3 Re3 46.
Rc7+ Qxc7 47. Qxe3 h5 0-1

[Event "4. Continental de Ajedrez de Cali"]
[Site "Santiago de Cali COL"]
[Date "2007.07.10"]
[Round "1.28"]
[White "Narvaez, Faber Alberto"]
[Black "Hungaski, Robert Andrew"]
[Result "0-1"]
[WhiteElo "2140"]
[BlackElo "2399"]
[PlyCount "102"]
[EventDate "2007.07.11"]
[EventType "swiss"]
[EventRounds "1"]
[EventCountry "COL"]
[Source "lmi"]
[SourceDate "2007.07.11"]

1. e4 e5 2. Nf3 Nc6 3. d4 exd4 4. Nxd4 Bc5 5. Be3 Qf6 6. Nb5 Bxe3 7. fxe3 Qh4+
8. g3 Qd8 9. Qg4 g5 10. N1c3 Ne5 11. Qe2 a6 12. Nd4 d6 13. Nf5 Bxf5 14. exf5
Nf6 15. Bg2 c6 16. O-O-O Qe7 17. e4 h6 18. Rd4 Qc7 19. Rhd1 O-O-O 20. Qd2 Ne8
21. b3 Qa5 22. Kb2 f6 23. b4 Qc7 24. Ka1 Rh7 25. Na4 Rhd7 26. Qf2 b5 27. Nb2 c5
28. bxc5 dxc5 29. Rxd7 Rxd7 30. Rxd7 Kxd7 31. a4 Ke7 32. axb5 axb5 33. Qd2 Qd6
34. Qxd6+ Kxd6 35. Bf1 c4 36. Be2 Kc5 37. c3 Nd6 38. Nd1 Nxe4 39. Kb2 b4 40.
cxb4+ Kxb4 41. Ne3 Kc5 42. Bf1 c3+ 43. Kc1 h5 44. Be2 g4 45. Ng2 Kd4 46. Nf4 h4
47. gxh4 Ke3 48. Ng6 Kxe2 49. Nxe5 fxe5 50. Kc2 Kf3 51. h5 Nf6 0-1

[Event "4. Continental de Ajedrez de Cali"]
[Site "Santiago de Cali COL"]
[Date "2007.07.10"]
[Round "1.29"]
[White "Diamant, Andre"]
[Black "Palao, Maricela"]
[Result "1-0"]
[WhiteElo "2394"]
[BlackElo "2139"]
[PlyCount "53"]
[EventDate "2007.07.11"]
[EventType "swiss"]
[EventRounds "1"]
[EventCountry "COL"]
[Source "lmi"]
[SourceDate "2007.07.11"]

1. e4 c5 2. Nf3 Nc6 3. d4 cxd4 4. Nxd4 Qb6 5. Nb3 Nf6 6. Nc3 e6 7. Bd3 d6 8.
O-O Be7 9. Kh1 O-O 10. Bg5 a6 11. f4 Qc7 12. Qf3 Re8 13. Rae1 b5 14. Qh3 g6 15.
f5 exf5 16. exf5 Ne5 17. Qh4 Nfg4 18. h3 f6 19. Bc1 Nxd3 20. cxd3 Ne5 21. d4 g5
22. Qh5 Nf7 23. Nd5 Qb7 24. Rxe7 Rxe7 25. Nxe7+ Qxe7 26. Qf3 Bb7 27. Qg3 1-0

[Event "4. Continental de Ajedrez de Cali"]
[Site "Santiago de Cali COL"]
[Date "2007.07.10"]
[Round "1.30"]
[White "Bermudes, Eduardo"]
[Black "Alzate, Dario"]
[Result "0-1"]
[WhiteElo "2138"]
[BlackElo "2392"]
[PlyCount "76"]
[EventDate "2007.07.11"]
[EventType "swiss"]
[EventRounds "1"]
[EventCountry "COL"]
[Source "lmi"]
[SourceDate "2007.07.11"]

1. g3 Nf6 2. Bg2 d5 3. d3 c6 4. Nd2 Bg4 5. Ngf3 Nbd7 6. e4 e6 7. O-O Bc5 8. Qe2
a5 9. e5 Ng8 10. h3 Bh5 11. a4 Ne7 12. c3 Ba7 13. Re1 h6 14. Nf1 Qc7 15. Kh1
Nc5 16. b4 axb4 17. cxb4 Nb3 18. Rb1 Nd4 19. Qd1 Bxf3 20. Bxf3 Nxf3 21. Qxf3
Bd4 22. Qf4 Bc3 23. Bd2 Bxd2 24. Qxd2 Rxa4 25. f4 O-O 26. g4 f6 27. d4 fxe5 28.
fxe5 Ng6 29. Qc2 Qf7 30. Nh2 Ra3 31. Rf1 Nf4 32. h4 Qg6 33. Qxg6 Nxg6 34. Rxf8+
Kxf8 35. h5 Nh4 36. b5 cxb5 37. Kg1 Rg3+ 38. Kf1 Rg2 0-1

[Event "4. Continental de Ajedrez de Cali"]
[Site "Santiago de Cali COL"]
[Date "2007.07.10"]
[Round "1.32"]
[White "Mateus, Martha"]
[Black "Gamboa, Nelson"]
[Result "0-1"]
[WhiteElo "2127"]
[BlackElo "2386"]
[PlyCount "61"]
[EventDate "2007.07.11"]
[EventType "swiss"]
[EventRounds "1"]
[EventCountry "COL"]
[Source "lmi"]
[SourceDate "2007.07.11"]

1. e4 c5 2. Nf3 d6 3. d4 cxd4 4. Nxd4 e5 5. Bb5+ Nd7 6. Nf3 a6 7. Bc4 Nb6 8.
Bb3 Be7 9. Nc3 Nf6 10. Bg5 O-O 11. h3 Be6 12. Bxf6 Bxf6 13. Nd5 Nxd5 14. Bxd5
Qb6 15. O-O Rac8 16. c4 Bxd5 17. Qxd5 Qxb2 18. Rfb1 Qc2 19. Qxb7 Qxc4 20. Rc1
Qxc1+ 21. Rxc1 Rxc1+ 22. Kh2 Rc2 23. Qxa6 Rxf2 24. a4 d5 25. Qb5 d4 26. Kg3 Rc2
27. Nxe5 Rc3+ 28. Kf4 Bxe5+ 29. Qxe5 Rfc8 30. a5 R3c5 31. Qe7 0-1

[Event "4. Continental de Ajedrez de Cali"]
[Site "Santiago de Cali COL"]
[Date "2007.07.10"]
[Round "1.34"]
[White "Gonzalez, Juan Manuel"]
[Black "Capo Vidal, Uriel"]
[Result "1/2-1/2"]
[WhiteElo "2115"]
[BlackElo "2370"]
[PlyCount "65"]
[EventDate "2007.07.11"]
[EventType "swiss"]
[EventRounds "1"]
[EventCountry "COL"]
[Source "lmi"]
[SourceDate "2007.07.11"]

1. d4 d5 2. Nf3 Nf6 3. Bf4 e6 4. e3 Bd6 5. Bxd6 cxd6 6. c4 dxc4 7. Bxc4 O-O 8.
Nc3 Nbd7 9. O-O a6 10. a4 b6 11. Qe2 Bb7 12. Rfd1 Re8 13. Rac1 Ra7 14. Rd2 Qa8
15. Rcc2 h6 16. h3 e5 17. dxe5 dxe5 18. Ba2 Nf8 19. Rd1 Bc6 20. Rd6 Rd7 21.
Rcd2 b5 22. b4 Qb7 23. a5 Rxd6 24. Rxd6 Qc7 25. Qd2 Bb7 26. Rb6 N6d7 27. Rd6
Nf6 28. Rb6 N8d7 29. Rd6 Rc8 30. Nd5 Qxd6 31. Nxf6+ Qxf6 32. Qxd7 Rc1+ 33. Kh2
1/2-1/2